02707nab a2200277 i 4500003000900000005001700009008004100026040001800067072001400085100002000099100001700119100002100136100002300157100001900180100002300199245008500222500006500307520092100372520076801293650001002061650001902071650001502090650001602105773022802121856008002349BR-BrBNA20240717155141.0240717b2017 bl.|r|pooa||| 00| 0 por | aBR-BrBNAbpor aL73b5400 aSantos, A.S.O.  aLemos, L.S.  aViestel, M.A.D.  aRodrigues, A.B.F.  aAlmeida, L.G.  aCarvalho, E.C.Q.  aPeritonite encapsulante esclerosante em cão (Canis familiaris): relato de caso a Publicação online; 9 ref.; 7 illus.; Summaries (En, Pt) a RESUMO - Um cão SRD, com cinco anos e histórico de ascite de evolução lenta com estruturas palpáveis foi submetido a exames clínicos, os quais foram inconclusivos. A laparotomia exploratória revelou que a cavidade abdominal estava repleta de líquido serossanguinolento e de múltiplos nódulos de diferentes tamanhos, com superfície irregular, aderidos aos peritônios visceral e parietal, sugestivos de neoplasia maligna. A eutanásia, seguida da necropsia para a coleta de amostras para o diagnóstico histopatológico, foi indicada. O exame anatomopatológico revelou nódulos sésseis e resistentes ao corte, constituídos de tecido conjuntivo fibroso e trabéculas ósseas em arranjo de osso esponjoso e osteoclastos em atividade. O diagnóstico definitivo foi peritonite encapsulante esclerosante. Palavras-chave: cão, histopatologia, peritonite, fluido serossanguinolento  a ABSTRACT - A 5-year-old dog with chronic ascites was submitted to several clinical exams, which were inconclusive. Laparotomy revealed abdominal serosanguinous fluid and multiple nodules of several sizes with irregular surface, with visceral and parietal adhesion to the peritoneum, resembling malignant neoplasia. Euthanasia followed by necropsy and collection of samples to histopathological diagnosis was performed. Pathological exam revealed sessile nodules resistant to cut and the microscopy evaluation showed fibrous connective tissue and trabecular bone with sponge bone arrangement associated with active osteoclasts. The definitive diagnosis was sclerosing encapsulating peritonitis. Keywords: dog, histopathology, peritonitis, serosanguinous fluid  aCÃO aHISTOPATOLOGIA aPERITONITE aLAPAROTOMIA0 01643dBelo Horizonte-MG Universidade Federal de Minas Gerais - Escola de Veterinaria 1983o2024-2644tArquivo Brasileiro de Medicina Veterinária e Zootecnia (Brazil)x0102-0935gv. 69(5) p. 1203-1205; (2017)wBR2024002199 uhttps://www.scielo.br/j/abmvz/a/gmbbmgwTSryvghjhvszCFbL/?format=pdf&lang=pt